00470nam a2200157Ia 450000500170000000800460001702000220006303700140008504000200009904100130011908400220013224500540015424500250020826000690023330000100030220250508164801.0008 250505s9999 xx 000 0 eng d a978-1-4020-9301-2 aReference aFEDLbengcFEDL aeng2eng a370, MSU/RRqFEDL 0aDevelopmental challeges and education determinism 0cMSUNIVERSITY, BARODA aGujarat, IndiabThe Maharaja Sayajirao University of Indiac2010 a151p.